| 000 | 01583nam a2200361 c 4500 | ||
|---|---|---|---|
| 003 | BLK | ||
| 005 | 20230918102105.0 | ||
| 008 | 180409b bul|||||r ||||||| ||bul|| | ||
| 010 | _aKNG00140434000 | ||
| 020 |
_a978-954-28-0873-2 _bиздат.: Сиела Софт енд Паблишинг |
||
| 040 | _aBLK | ||
| 041 |
_aBUL _cBUL |
||
| 072 | 7 |
_2bullib _aН84 _xБългарска художествена литература Н |
|
| 080 |
_aБългарска литература _b821.163.2 _x-054.7-31 _z821.163.2-054.7-31 |
||
| 080 |
_aАнглийска литература _b821.111 _x-31 _z821.111-31 |
||
| 100 | 1 |
_aКасабова, Капка _eпърви автор _9299888 |
|
| 700 | 1 |
_aЛакова, Лиляна _eпрев. от англ. _9279267 |
|
| 139 |
_aКасабова, Капка _bК 45 |
||
| 245 | 1 | 0 |
_aЛюбов в земята на Мидас _bРоман _cКапка Касабова; прев. от англ. Лиляна Лакова. |
| 257 | _aNZE | ||
| 260 |
_аСофия _bСиела Софт енд Паблишинг _c2011 |
||
| 300 |
_a275 с. _c21 см |
||
| 380 | _aX | ||
| 500 | _aОриг. загл. Love in the Land of Midas / Kapka Kasabova. - Името на прев. отбелязано на гърба на предзагл. с. - Съдържа и за авт. | ||
| 653 | _aромани | ||
| 659 | _aН | ||
| 852 | _aЦб 258658 | ||
| 856 | 4 |
_qpdf _u |
|
| 856 | 4 |
_qpdf _u |
|
| 942 |
_cKNG _n0 _06 |
||
| 944 |
_aCR _c07.03.2013 _lГалина Якимова _k30564 |
||
| 944 |
_aED _c23.05.2013 _lф / _k |
||
| 999 |
_c134520 _d134520 |
||